NOMINA UNA LINGUA UFFICIALE PER OGNI STATO - Statistics

Statistiche generali
  • Questo quiz è stato fatto 85 volte
  • Il punteggio medio è 107 su 195
Statistiche sulle risposte
Hint Risposta % Corretto
ALBANIA ALBANESE
99%
ALGERIA ARABO
90%
AUSTRALIA INGLESE
85%
ARGENTINA SPAGNOLO
82%
AUSTRIA TEDESCO
81%
ARABIA SAUDITA ARABO
79%
BELGIO OLANDESE/FRANCESE/TEDESCO
78%
BRASILE PORTOGHESE
74%
ARMENIA ARMENO
72%
BIELORUSSIA BIELORUSSO/RUSSO
72%
BOSNIA ED ERZEGOVINA BOSNIACO/SERBO/CROATO
71%
BAHAMAS INGLESE
71%
VATICANO LATINO/ITALIANO
71%
BOLIVIA SPAGNOLO
71%
BAHREIN ARABO
69%
COREA DEL NORD COREANO
69%
COREA DEL SUD COREANO
69%
CILE SPAGNOLO
69%
COLOMBIA SPAGNOLO
69%
BULGARIA BULGARO
68%
CROAZIA CROATO
68%
DANIMARCA DANESE
68%
CANADA INGLESE/FRANCESE
68%
COSTA RICA SPAGNOLO
68%
CUBA SPAGNOLO
68%
ECUADOR SPAGNOLO
68%
EL SALVADOR SPAGNOLO
68%
EGITTO ARABO
67%
FINLANDIA FINLANDESE/SVEDESE
65%
FRANCIA FRANCESE
65%
GIAPPONE GIAPPONESE
65%
GRECIA GRECO
65%
BARBADOS INGLESE/BAJAN/HINDI
65%
ITALIA ITALIANO
65%
GERMANIA TEDESCO
65%
ANTIGUA E BARBUDA INGLESE
64%
BELIZE INGLESE
64%
IRLANDA INGLESE/IRLANDESE/GAELICO
64%
ESTONIA ESTONE
63%
COSTA D'AVORIO FRANCESE
63%
GABON FRANCESE
63%
CIPRO GRECO/TURCO
63%
CAMERUN INGLESE/FRANCESE
63%
GUATEMALA SPAGNOLO
63%
HONDURAS SPAGNOLO
63%
MAROCCO ARABO/BERBERO
61%
ISRAELE EBRAICO/ARABO
61%
GUINEA-EQUATORIALE FRANCESE/SPAGNOLO/PORTOGHESE
61%
LUSSEMBURGO FRANCESE/TEDESCO/LUSSEMBURGHESE
61%
MALTA INGLESE/MALTESE
61%
KENYA INGLESE/SWAHILI
61%
ISLANDA ISLANDESE
61%
KAZAKISTAN KAZAKO/RUSSO
61%
MESSICO SPAGNOLO
61%
LIECHTENSTEIN TEDESCO
61%
LIBIA ARABO
60%
IRAQ CURDO/ARABO
60%
BURKINA FASO FRANCESE
60%
GUINEA FRANCESE
60%
ISOLE SALOMONE INGLESE
60%
MACEDONIA MACEDONE
60%
GIORDANIA ARABO
58%
BENIN FRANCESE
58%
INDIA HINDI/INGLESE
58%
GIAMAICA INGLESE
58%
ISOLE MARSHALL INGLESE/MARSHALLESE
58%
LETTONIA LETTONE
58%
LITUANIA LITUANO
58%
PAESI BASSI OLANDESE
58%
PANAMA SPAGNOLO
58%
KOSOVO ALBANESE/SERBO
57%
KUWAIT ARABO
57%
LIBANO ARABO
57%
CIAD ARABO/FRANCESE
57%
REP. CECA CECO
57%
MONACO FRANCESE
57%
GEORGIA GEORGIANO
57%
INDONESIA INDONESIANO
57%
BOTSWANA INGLESE
57%
GRENADA INGLESE
57%
REGNO UNITO INGLESE
57%
FILIPPINE INGLESE/FILIPPINO
57%
SAN MARINO ITALIANO
57%
BURUNDI KIRUNDI/FRANCESE
57%
POLONIA POLACCO
57%
CAPO VERDE PORTOGHESE
57%
PORTOGALLO PORTOGHESE
57%
RUSSIA RUSSO
57%
PARAGUAY SPAGNOLO
57%
PERU SPAGNOLO
57%
SPAGNA SPAGNOLO
57%
URUGUAY SPAGNOLO
57%
VENEZUELA SPAGNOLO
57%
SVIZZERA TEDESCO/FRANCESE/ITALIANO
57%
QATAR ARABO
56%
TUNISIA ARABO
56%
COMORE ARABO/COMORIANO/FRANCESE
56%
ANDORRA CATALANO
56%
DOMINICA INGLESE
56%
SERBIA SERBO
56%
NICARAGUA SPAGNOLO
56%
REP DOMINICANA SPAGNOLO
56%
SVEZIA SVEDESE
56%
TURCHIA TURCO
56%
UCRAINA UCRAINO
56%
UNGHERIA UNGHERESE
56%
SUD AFRICA AFRIKAANS/INGLESE/NDEBELE/SESOTHO/SWATI/TSONGA/TSWANA/VENDA/XHOSA/ZULU
54%
PALESTINA ARABO
54%
GIBUTI ARABO/FRANCESE
54%
REP.CENTRAFRICANA FRANCESE
54%
REP. DEL CONGO FRANCESE
54%
REP. DEMOCRATICA DEL CONGO FRANCESE
54%
GAMBIA INGLESE
54%
GHANA INGLESE
54%
KIRIBATI INGLESE
54%
LIBERIA INGLESE
54%
MAURITIUS INGLESE
54%
NUOVA ZELANDA INGLESE
54%
USA INGLESE
54%
FIGI INGLESE/FIGIANO
54%
MALDIVE INGLESE/MALDIVIANO
54%
SLOVENIA SLOVENO
54%
SIRIA ARABO
53%
GUYANA INGLESE
53%
MADAGASCAR MALGASCIO/FRANCESE
53%
SLOVACCHIA SLOVACCO
53%
THAILANDIA THAI
53%
OMAN ARABO
51%
YEMEN ARABO
51%
SUDAN ARABO/INGLESE
51%
VANUATU BISLAMA/INGLESE/FRANCESE
51%
SENEGAL FRANCESE
51%
ST KITTS E NEVIS INGLESE
51%
ST VINCENT E GRENADINE INGLESE
51%
ST LUCIA INGLESE
51%
MICRONESIA INGLESE
51%
MALAWI INGLESE/CHICHEWA
51%
SEYCHELLES INGLESE/FRANCESE/CREOLO DELLE SEYCHELLES
51%
SAMOA INGLESE/SAMOANO
51%
ROMANIA ROMENO
51%
HAITI FRANCESE/CREOLO HAITIANO
50%
SIERRA LEONE INGLESE
50%
RUANDA INGLESE/FRANCRSE/KINYARWANDA
50%
LESOTHO INGLESE/SESOTHO
50%
TANZANIA INGLESE/SWAHILI
50%
UGANDA INGLESE/SWAHILI
50%
PAPUA NUOVA GUINEA INGLESE/TOK PISIN/HIRI MOTU
50%
TONGA INGLESE/TONGANO
50%
TUVALU INGLESE/TUVALUANO
50%
ANGOLA PORTOGHESE
50%
SOMALIA SOMALO/ARABO
50%
VIETNAM VIETNAMITA
50%
MAURITANIA ARABO
49%
CINA CINESE MANDARINO/CINESE CANTONESE
49%
MALI FRANCESE
49%
NIGERIA INGLESE
49%
SUDAN DEL SUD INGLESE
49%
ZAMBIA INGLESE
49%
MALESIA MALESE
49%
BRUNEI MALESE/INGLESE
49%
NIGER FRANCESE
47%
TOGO FRANCESE
47%
NAMIBIA INGLESE
47%
SINGAPORE INGLESE/CINESE MANDARINO/MALESE/TAMIL
47%
PALAU INGLESE/PALUANO
47%
TRINIDAD E TOBAGO SPAGNOLO
47%
UZBEKISTAN UZBEKO
47%
ESWATINI INGLESE/SWATI
46%
KIRGHIZISTAN KIRGHIZO/RUSSO
46%
MONTENEGRO MONTENEGRINO
46%
SAO TOME E PRINCIPE PORTOGHESE
46%
IRAN PERSIANO
44%
GUINEA BISSAU PORTOGHESE
44%
ERITREA ARABO/TIGRINO
43%
AZERBAIGIAN AZERO
43%
MOLDAVIA ROMENO
43%
NEPAL NEPALESE
42%
BIRMANIA/MYANMAR BIRMANO
40%
PAKISTAN INGLESE/URDU
40%
MOZAMBICO PORTOGHESE
39%
SURINAME OLANDESE
36%
TURKMENISTAN TURKMENO
36%
TAIWAN CINESE MANDARINO
33%
LAOS LAO
33%
ETIOPIA AMARICO/TIGRINO
26%
AFGHANISTAN PASHTU/DARI
25%
TIMOR EST PORTOGHESE/TETUM
24%
CAMBOGIA KHMER
22%
TAGIKISTAN TAGICO
22%
SRI LANKA SINGALESE/TAMIL
21%
NORVEGIA NORVEGIESE
15%
NAURU NAURUANO
14%
BHUTAN DZONGKHA
13%
ZIMBABWE INGLESE7SHONA/NDEBELE
3%
MOLDAVIA MONGOLO
3%
Nessun quiz corrispondente trovato
Distribuzione punteggi
Percentuale di utenti per punteggio
Percentile per numero di risposta
I tuoi punteggi nel tempo
Non hai fatto questo quiz